[Event "Ile et Vilaine-ch"]
[Site "Ile et Vilaine"]
[Date "2003.02.15"]
[Round "6"]
[White "Guilleux, Florent"]
[Black "Mariau, Noel"]
[Result "0-1"]
[WhiteElo "1499"]
[BlackElo "1380"]
[PlyCount "70"]
[EventDate "2002.10.19"]
[EventType "swiss"]
[EventRounds "7"]
[EventCountry "FRA"]
[SourceTitle "EXT 2008"]
[Source "ChessBase"]
[SourceDate "2007.11.25"]
[SourceVersion "1"]
[SourceVersionDate "2007.11.25"]
[SourceQuality "1"]

1. e4 e6 2. Nf3 d5 3. exd5 exd5 4. d4 Bg4 5. Be2 Nd7 6. 0-0 Ngf6 7. Nc3 Be7 8. Re1 0-0 9. Bd3 Re8 10. Bg5 h6 11. Bxf6 Bxf6 12. Qd2 c6 13. Qf4 Bxf3 14. Qxf3 Bxd4 15. Rad1 Qf6 16. Qf5 Qxf5 17. Bxf5 Nb6 18. Kf1 Bxc3 19. bxc3 Rxe1+ 20. Kxe1 Re8+ 21. Kd2 Nc4+ 22. Kc1 Re2 23. Rf1 Re5 24. Bc8 b6 25. Bb7 c5 26. Rd1 d4 27. cxd4 cxd4 28. Rxd4 Rc5 29. Be4 g6 30. Rd7 Ra5 31. Bd5 Ne5 32. Rd8+ Kg7 33. f4 Ng4 34. Rd7 h5 35. Rxf7+ Kh6 0-1

[Event "Ile et Vilaine-ch"]
[Site "Ile et Vilaine"]
[Date "2002.11.30"]
[Round "3"]
[White "Coll, Henri"]
[Black "Mariau, Noel"]
[Result "1-0"]
[WhiteElo "1570"]
[BlackElo "1380"]
[PlyCount "73"]
[EventDate "2002.10.19"]
[EventType "swiss"]
[EventRounds "7"]
[EventCountry "FRA"]
[SourceTitle "EXT 2008"]
[Source "ChessBase"]
[SourceDate "2007.11.25"]
[SourceVersion "1"]
[SourceVersionDate "2007.11.25"]
[SourceQuality "1"]

1. e4 e6 2. d4 d5 3. e5 c5 4. c3 b6 5. Nf3 Nc6 6. Bd3 Nge7 7. Bg5 Qd7 8. 0-0 Nf5 9. Bxf5 exf5 10. Re1 Qe6 11. Na3 Be7 12. Nb5 0-0 13. Nc7 Qg6 14. Bxe7 Nxe7 15. Nxa8 f4 16. Kh1 h5 17. Rg1 Qc6 18. Nxb6 axb6 19. Nh4 Qh6 20. g3 Bg4 21. f3 Bh3 22. Qc1 Ng6 23. Nxg6 fxg6 24. a4 g5 25. a5 bxa5 26. Rxa5 Qg6 27. Qd1 g4 28. gxf4 Rxf4 29. dxc5 Qf5 30. Qxd5+ Kh7 31. Ra8 Rxf3 32. Qg8+ Kg6 33. Ra6+ Kg5 34. Qxg7+ Kf4 35. Rf6 Kxe5 36. Rxf5+ Kxf5 37. c6 1-0